=LDR 00000nam 2200000 4500 =001 INLIS000000000029654 =005 20130612131853 =008 ***********************************Ind** =035 ##$$0010-061300000029654 =041 ##$$a Ind =082 ##$$a 658.8 =090 ##$$a 658.8, Tan m =100 ##$$a Tanjung, Jenu Widjaja =245 ##$$a Marketing management, pendekatan pada nilai-nilai pelanggan, Jenu Widjaja Tanjung =260 ##$$a 2004 $b Malang =300 ##$$a xiv, 137 hlm, ilus, 21 cm =650 ##$$a Manajemen pemasaran =850 ##$$a NBPNMAT =990 ##$$a 0001/BPAP-NTB/20142015